000 00975nam a22002537a 4500
005 20170124103105.0
010 _aA-920362
020 _c140.00
035 _aA-920362
037 _bCen Lib/Ret
040 _aDPL
_bHN
082 _a
_bनैमिश
100 _aनैमिशराय, मोहनदास
_940
245 _aआवाजें /
_c मोहनदास नैमिशराय
246 _aAwazen
_bby Mohandass Naimishray
260 _aदिल्ली
_bसमता प्रकाशन
_c1998
270 _a30/64, गली न. 8, विश्वास नगर शाहदरा
_bदिल्ली
_e110032
300 _a142पृष्ठ.
_c20सेमी(सजिल्द)
650 _aहिंदी साहित्य
_978185
650 _aहिंदी कहानी
_978186
650 _aHindi literature
_978187
650 _aHindi story
_943117
942 _2ddc
_cHN
_h
_mनैमिश
999 _c118064
_d118064